000 00799cam a22002651 4500
001 32801
003 BD-RjUL
005 20211209051909.0
008 140428s1947 pk 001 0 eng
035 _a(BD-RjUL)32891
035 _a(OCoLC)5721900
040 _aDLC
_cMiEM
_dDLC
_dBD-RjUL
_beng
041 _aeng
082 _a953.020922
_bSHU 1947
100 0 _aShiblī Nuʻmānī,
_d1857-1914.
_999464
245 1 0 _aʻUmar the great :
_bthe second Caliph of Islam.
_cTranslated by Maulânâ Zafar ʻAli Khân.
250 _a3d rev. ed.
260 _aLahore :
_bMuhammad Ȧshraf,
_c1947.
300 _axxii,295 p. ;
_c21 cm.
504 _aIncludes index.
600 0 0 _aʻUmar ibn al-Khaṭṭāb,
_cCaliph,
_d-644.
_999744
942 _2ddc
_cBK
999 _c32801
_d32801